banner-ar

MORIS LAPIDUS: ACHITECT OF THE AMERICON OREAM / (Record no. 17082)

MARC details
000 -الفاتح
حقل البيانات ثابتة الطول 00369nam a2200133Ia 4500
008 - عناصر البيانات ثابتة الطول - معلومات عامة
حقل البيانات ثابتة الطول 140319s9999 xx 000 0 eng d
040 ## - مصدر الفهرسة
وكالة الفهرسة الأصلية GCL /
وكالة النسخ GCL
082 04 - رقم تصنيف ديوى العشرى
رقم التصنيف 729
رقم المادة D M
100 1# - المدخل الرئيسى - إسم شخصى
الإسم الشخصى DUTTMANM, MARTINA
245 10 - بيان العنوان
العنوان MORIS LAPIDUS: ACHITECT OF THE AMERICON OREAM /
بيان المسئوليه,etc DUTTMANM, MARTINA
260 ## - PUBLICATION, DISTRIBUTION, ETC. (IMPRINT)
تاريخ النشر أو التوزيع 1992
300 ## - الوصف المادى
التعداد 247
260 ## - PUBLICATION, DISTRIBUTION, ETC. (IMPRINT)
-- [S.N] :
-- BIRKHAUSER VERLAG ،
Holdings
حالة التراجع حالة الفقد حالة تلف ليس للاعارة المكان المؤقت الموقع الحالى تاريخ الاكتساب اجمالي اﻻعارات رقم الطلب الباركود تاريخ اخر مشاهدة تاريخ تفعيل السعر نوع وعاء كوها
        مكتبة القاهرة الكبرى مكتبة القاهرة الكبرى 03/26/2014   729\D M 30824 03/26/2014 03/26/2014 كتاب

Powered By

EGPV